Statistics for She Calls Me Back - Noah Kahan (All Lyrics)

Click here to take the quiz!

General Stats

  • This quiz has been taken 9 times
  • The average score is 315 of 372

Answer Stats

Lyrics% Correct
a
100%
alright
100%
at
100%
back
100%
back,
100%
baptized
100%
calls
100%
Do
100%
do
100%
Every
100%
every
100%
Everything's
100%
eyes
100%
For
100%
for
100%
heaven
100%
I
100%
In
100%
in
100%
long
100%
Lost
100%
me
100%
not
100%
Oh,
100%
She
100%
she
100%
The
100%
the
100%
there
100%
time
100%
was
100%
When
100%
when
100%
you
100%
Your
100%
your
100%
an
89%
And
89%
and
89%
dial
89%
don't
89%
have
89%
lie
89%
lines
89%
Look
89%
parallel
89%
so
89%
To
89%
to
89%
Two
89%
am
78%
as
78%
awake
78%
bite
78%
blank,
78%
bullshit,
78%
but
78%
But
78%
Does
78%
edges?
78%
Hanging
78%
it
78%
left
78%
obsessive?
78%
old
78%
on
78%
page
78%
read
78%
restless?
78%
sacrifice
78%
same
78%
still
78%
Still
78%
tattoo
78%
This
78%
town's
78%
Why
78%
822-993-167
67%
are
67%
bad
67%
be
67%
could
67%
get
67%
head
67%
high
67%
news
67%
sentence
67%
up
67%
All
56%
die
56%
exist
56%
hold
56%
I'll
56%
is
56%
live
56%
remind
56%
saving
56%
That
56%
too
56%
while
56%
afraid
44%
dry
44%
footsteps
44%
freeze
44%
If
44%
I'm
44%
life
44%
Living
44%
love
44%
oceans
44%
of
44%
only
44%
or
44%
pain
44%
rivers
44%
(Yeah)
44%
asleep
33%
dream
33%
fall
33%
heart
33%
key
33%
minor
33%
most
33%
much
33%
nights
33%
radio
33%
seeing
33%
sleep
33%
song
33%
taunting
33%
wake
33%
saved
22%
should
22%

Score Distribution

Percentile by Number Answered

Percent of People with Each Score

Your Score History

You have not taken this quiz